| 000 | 02047nam a2200337 c 4500 | ||
|---|---|---|---|
| 003 | BLK | ||
| 005 | 20230812005115.0 | ||
| 008 | 180412b bul|||||r ||||||| ||bul|| | ||
| 010 | _aKNG00008283000 | ||
| 020 |
_a954-495-015-Х _bиздат.: Антропософ. изд. Даскалов |
||
| 040 | _aBLK | ||
| 041 |
_aBUL _cBUL |
||
| 080 |
_aФилософски мистицизъм. Ранни езотерични школи. Кабала. Теософия. Антропософия. Суфизъм. Еклектизъм. Синкретизъм. Херметизъм. Розенкройцерство. Др. школи _b141.33 _x(042.3) _z141.33(042.3) |
||
| 100 |
_aЩайнер, Рудолф Йозеф Лоренц _d1861-1925 _9244192 |
||
| 700 | 1 |
_aЧуклев, Нестор _eпрев. от нем. _9252088 |
|
| 139 |
_aЩайнер, Рудолф Йозеф Лоренц _bЩ 17 |
||
| 245 | 1 | 0 |
_aОбщото човекознание като основа на педагогиката _bЦикъл от 14 лекции изнесени в Щутгарт от 21.08. до 05.09.1919 -ч. 1 _cРудолф Йозеф Лоренц Щайнер; прев. от нем. Нестор Чуклев. |
| 257 | _aAUT | ||
| 260 |
_аСт. Загора _bАнтропософ. изд. Даскалов _c1995 _fПолиграфия : Пловдив |
||
| 300 |
_a221 с. _bсъс сх. _c20 см |
||
| 380 | _a1 | ||
| 500 | _aОриг. загл. Allgemeine Menschenkunde als Grundlage der Padagogik / Rudolf Steiner. - Съдържа и Рудолф Щайнер биогр. данни и творчество ; Рудолф Щайнер обзор върху литературното му и художествено дело. | ||
| 650 | 4 |
_aАнтропософия _9147262 |
|
| 653 | _aантропософия | ||
| 852 | _aЦб 183579 | ||
| 856 | 4 |
_qpdf _u |
|
| 856 | 4 |
_qpdf _u |
|
| 942 |
_cKNG _n0 _05 |
||
| 944 |
_aCR _c15.01.2003 _k _lCRON CRON |
||
| 944 |
_aED _c03.02.2018 _kПенка_Димитрова |
||
| 999 |
_c7019 _d7019 |
||